[Event "5th Marseille Open"]
[Site "Marseille FRA"]
[Date "2012.12.26"]
[Round "2.27"]
[White "Aksenov,Alexandre"]
[Black "Moncamp,G"]
[Result "0-1"]
[WhiteElo "1852"]
[BlackElo "2175"]

1.d4 Nf6 2.c4 g6 3.Nf3 Bg7 4.g3 O-O 5.Bg2 d6 6.O-O Nbd7 7.Nc3 e5 8.e4 Re8
9.dxe5 dxe5 10.Be3 c6 11.Qc1 Qe7 12.Bh6 Nc5 13.Bxg7 Kxg7 14.Qc2 Bg4 15.h3 Bxf3
16.Bxf3 Qe6 17.b4 Ncd7 18.c5 Qxh3 19.Rfd1 Nf8 20.Bg2 Qg4 21.Qe2 Qg5 22.Bh3 Nh5
23.Bg4 Nf6 24.Bh3 h5 25.Kh2 Ng4+ 26.Kg2 Ne6 27.Bxg4 hxg4 28.Qd2 Qxd2 29.Rxd2 a5
30.b5 Nxc5 31.bxc6 bxc6 32.Rd6 Re6 33.Rad1 Rb8 34.Rxe6 Nxe6 35.Rd6 Nd4 36.Nd1 Rb1
37.Ne3 f5 38.Rd7+ Kf6 39.Rd6+ Kg5 40.exf5 gxf5 41.Rd8 Ra1 42.Rg8+ Kf6 43.Rf8+ Ke7
44.Ra8 Rxa2 45.Nc4 e4 46.Nxa5 Rc2 47.Kf1 Rc1+ 48.Kg2 Nf3  0-1

[Event "36th Zurich Christmas Open"]
[Site "Zuerich SUI"]
[Date "2012.12.27"]
[Round "2.10"]
[White "Prohaszka,P2"]
[Black "Zwahr,P"]
[Result "1-0"]
[WhiteElo "2573"]
[BlackElo "2303"]

1.d4 Nf6 2.c4 g6 3.Nf3 Bg7 4.g3 O-O 5.Bg2 d6 6.Nc3 Nc6 7.O-O a6 8.Bf4 Rb8
9.Rc1 Bd7 10.Qd3 b5 11.b3 Nh5 12.Bg5 b4 13.Nd5 f6 14.Be3 e6 15.g4 exd5 16.gxh5 Bf5
17.Qd2 Be4 18.cxd5 Bxd5 19.Qd3 Ne7 20.h6 Bh8 21.Qxa6 Ra8 22.Qb5 Rxa2 23.Qxb4 Rxe2
24.Nd2 Qa8 25.Bxd5+ Qxd5 26.Rxc7 Nf5 27.Qc4 Nxe3 28.fxe3 Qxc4 29.Nxc4 d5
30.Nb6 Rxe3 31.Nxd5 Rxb3 32.Ne7+ Kf7 33.d5 Rd3 34.Nc6+ Kg8 35.d6 Rf7 36.Ne7+  1-0

[Event "Ptuj Open 2012"]
[Site "Ptuj SLO"]
[Date "2012.12.28"]
[Round "8.1"]
[White "Titan,M"]
[Black "Grah,Matej"]
[Result "1-0"]
[WhiteElo "2135"]
[BlackElo "1664"]

1.d4 Nf6 2.Nf3 g6 3.c4 Bg7 4.g3 d6 5.Bg2 O-O 6.O-O Nc6 7.Nc3 a6 8.b3 e5 9.d5 Ne7
10.e4 Nd7 11.Ba3 Rb8 12.b4 Nb6 13.Qd3 f5 14.Ng5 Nc6 15.dxc6 Qxg5 16.c5 dxc5
17.bxc5 Na8 18.cxb7 Bxb7 19.c6 Bc8 20.Bxf8 Kxf8 21.h4 Qf6 22.Nd5 Qxc6 23.Qa3+ Qd6
24.Qxd6+ cxd6 25.Rab1 Rb7 26.Rfc1 Kf7 27.Rxb7+ Bxb7 28.Rb1 Bxd5 29.exd5 Kf6
30.Rb7 e4 31.a4 a5 32.Bf1 Bh6 33.Bb5 Bd2 34.Bc6 Bb4 35.h5 h6 36.Rh7 Nb6 37.Rxh6 Kg5
38.Rxg6+ Kxh5 39.Be8 Nc4 40.Rxd6+ Kg4 41.Rg6+ Kf3 42.Rc6 Ne5 43.Bh5+  1-0

[Event "Groningen Open A"]
[Site "Groningen NED"]
[Date "2012.12.29"]
[Round "8.25"]
[White "Heemskerk,W"]
[Black "Majhi,Ankit"]
[Result "0-1"]
[WhiteElo "2253"]
[BlackElo "1984"]

1.d4 Nf6 2.Nf3 g6 3.c4 Bg7 4.g3 O-O 5.Bg2 d6 6.O-O Nc6 7.Nc3 a6 8.b3 Bg4
9.h3 Bxf3 10.Bxf3 Nd7 11.e3 e5 12.Ne2 f5 13.Bb2 Qg5 14.dxe5 Ndxe5 15.Bd5+ Nf7
16.Bxg7 Kxg7 17.Nf4 Nfd8 18.c5 Qf6 19.cxd6 cxd6 20.Rc1 Re8 21.Bg2 Rc8 22.Qd2 Nf7
23.Rfd1 Red8 24.Nd5 Qe6 25.Qb2+ Qe5 26.Qe2 Nd4 27.Qd2 Rxc1 28.Rxc1 Nc6 29.b4 Ng5
30.f4 Ne4 31.fxe5 Nxd2 32.e6 Re8 33.Nc7 Re7 34.Bxc6 Rxc7 35.Rc2 Nf3+ 36.Bxf3 Rxc2
37.e7 Kf7 38.Bxb7 Kxe7 39.a4 Rb2 40.Bxa6 Rxb4 41.Bb5 Rb2 42.Kf1 Ra2 43.Bc6 g5
44.Bb5 Kf6 45.Bc6 Ke5 46.Ke1 d5 47.Kf1 Ke4 48.g4 fxg4 49.hxg4 Kxe3 50.Bxd5 Rxa4
51.Be6 Kf3  0-1

[Event "XLII Rilton Cup"]
[Site "Stockholm SWE"]
[Date "2013.01.01"]
[Round "5.15"]
[White "Andriyanov,Ivan"]
[Black "L'Ami,Alina"]
[Result "0-1"]
[WhiteElo "2010"]
[BlackElo "2390"]

1.d4 Nf6 2.c4 g6 3.g3 Bg7 4.Bg2 O-O 5.Nf3 d6 6.O-O c6 7.Nbd2 a6 8.Qc2 b5
9.b3 Bf5 10.e4 Nxe4 11.Nxe4 d5 12.cxd5 cxd5 13.Ne5 dxe4 14.Bxe4 Qxd4 15.Bxf5 Qxe5
16.Be4 Qxa1 17.Be3 Qb2 18.Qxb2 Bxb2 19.Bxa8 Rd8 20.Bb6 Rd3 21.Be4 Rd7 22.a4 f5
23.Bg2 e5 24.Rb1 Bc3 25.Rc1 b4 26.Bf1 Kf7 27.Bc4+ Kf6 28.Kf1 g5 29.Ke2 Rd2+
30.Ke3 e4 31.Ba5 Rd7 32.Rxc3 bxc3 33.Bxc3+ Kg6 34.Bd4 Nc6 35.Bc3 Ne7 36.Be5 Nd5+
37.Ke2 a5 38.Bb5 Rd8 39.Bc6 f4 40.g4 Kf7 41.Bb5 f3+ 42.Ke1 Nb4 43.Bc4+ Ke7  0-1

[Event "16th Bad Zwesten Open"]
[Site "Bad Zwesten GER"]
[Date "2013.01.04"]
[Round "4.10"]
[White "Chetverik,M"]
[Black "Wuestehube,H"]
[Result "1/2-1/2"]
[WhiteElo "2240"]
[BlackElo "1912"]

1.d4 Nf6 2.c4 g6 3.Nf3 Bg7 4.g3 O-O 5.Bg2 d6 6.O-O Nc6 7.d5 Na5 8.Nbd2 c6
9.a3 cxd5 10.cxd5 b5 11.b4 Nb7 12.Bb2 Bd7 13.Nb3 a5 14.Nfd2 axb4 15.axb4 Ra4
16.Rxa4 bxa4 17.Nd4 Qb6 18.Nc6 Nxd5 19.Nc4 Qxc6 20.Bxd5 Qa6 21.Bxg7 Kxg7
22.Qd4+ Kg8 23.Qe4 Be6 24.Bxe6 fxe6 25.Qxe6+ Rf7 26.Qd5 Nd8 27.Ra1 Kg7 28.b5 Qa7
29.b6 Qa6 30.e4 e6 31.Qd4+ e5 32.Qd5 Nb7 33.Nxd6 Nxd6 34.Qxd6 Qb5 35.f4 exf4
36.Qd4+ Kh6 37.e5 fxg3 38.Qe3+ Kg7 39.hxg3 Rb7  1/2-1/2

[Event "XXIII Krakow Open"]
[Site "Krakow POL"]
[Date "2013.01.04"]
[Round "9.3"]
[White "Baryshpolets,A"]
[Black "Moranda,W"]
[Result "1-0"]
[WhiteElo "2502"]
[BlackElo "2559"]

1.d4 Nf6 2.c4 g6 3.Nf3 Bg7 4.g3 O-O 5.Bg2 d6 6.O-O Nbd7 7.Nc3 e5 8.e4 a6
9.Qc2 exd4 10.Nxd4 Ne5 11.b3 Bd7 12.f4 Nc6 13.Nxc6 Bxc6 14.Bb2 Re8 15.Rae1 Nd7
16.b4 b5 17.Nd1 Bxb2 18.Nxb2 a5 19.c5 Ra6 20.Nd3 dxc5 21.bxc5 Nf6 22.Nf2 Qa8
23.g4 h5 24.gxh5 Nxh5 25.Ng4 Qd8 26.Qc3 Kh7 27.f5 Qg5 28.fxg6+ Kxg6 29.h3 Bd7
30.Rf5 Qh4 31.Qd2 Ng7 32.Qxd7 Qxe1+ 33.Rf1 Qc3 34.Qxf7+ Kh7 35.Rf5 Ree6 36.e5 Qxc5+
37.Kh2 Kh8 38.Qf8+ Qxf8 39.Rxf8+ Kh7 40.Be4+ Rg6 41.Rf6 Rxf6 42.exf6 Nh5
43.f7 Kg7 44.Bxg6 Nf4 45.Ne5 a4 46.h4 c5 47.h5 Ne6 48.Bd3 c4 49.Nxc4 bxc4
50.Bxc4 Ng5 51.h6+ Kf8 52.a3 Nxf7 53.h7 Nh8 54.Bb5 Kg7 55.Bxa4 Kxh7 56.Be8  1-0

[Event "16th Bad Zwesten Open"]
[Site "Bad Zwesten GER"]
[Date "2013.01.05"]
[Round "5.10"]
[White "Schneider,Udo2"]
[Black "Schmidt,Kai"]
[Result "0-1"]
[WhiteElo "1796"]
[BlackElo "2044"]

1.d4 Nf6 2.c4 g6 3.Nf3 Bg7 4.g3 O-O 5.Bg2 d6 6.O-O c6 7.Nc3 Nbd7 8.Qc2 e5
9.dxe5 dxe5 10.Bg5 b6 11.Bd2 Qe7 12.e4 Nc5 13.Rad1 Re8 14.h3 Nh5 15.Be3 a5
16.Qd2 Be6 17.Qd6 Qxd6 18.Rxd6 Nd7 19.b3 Bf8 20.Rd3 Nhf6 21.Rfd1 Kg7 22.Ne1 Nc5
23.R3d2 Bc8 24.Nd3 Nfd7 25.Kf1 Be7 26.Kg1 f6 27.Kf1 Ne6 28.Ne2 Ndc5 29.Nxc5 Bxc5
30.Bxc5 Nxc5 31.h4 Bg4 32.f3 Be6 33.Kf2 Kf7 34.Bf1 a4 35.Nc1 axb3 36.axb3 Ra1
37.b4 Rxc1 38.Rxc1 Nb3 39.Rcd1 Nxd2 40.Rxd2 Ra8 41.c5 Ra3 42.Rb2 f5 43.Be2 Kf6
44.b5 Rc3 45.bxc6 bxc5 46.exf5 gxf5 47.Rb7 Bf7  0-1

[Event "Australian Open 2013"]
[Site "Cammeray AUS"]
[Date "2013.01.05"]
[Round "4.23"]
[White "Nakauchi,G"]
[Black "Lilly,R"]
[Result "1-0"]
[WhiteElo "2191"]
[BlackElo "1904"]

1.d4 Nf6 2.c4 g6 3.g3 Bg7 4.Bg2 O-O 5.Nf3 d6 6.O-O Nbd7 7.Nc3 e5 8.h3 Rb8
9.e4 Re8 10.Be3 a6 11.a4 exd4 12.Nxd4 Nc5 13.Qc2 Bd7 14.Rfe1 Ne6 15.Rad1 Nxd4
16.Bxd4 Bc6 17.b4 b6 18.e5 Bxg2 19.exf6 Bxh3 20.fxg7 Bf5 21.Rxe8+ Qxe8 22.Qd2 Qc6
23.Nd5  1-0

[Event "11th Parsvnath Open"]
[Site "New Delhi IND"]
[Date "2013.01.06"]
[Round "3.20"]
[White "Kiran,M"]
[Black "Vakhidov,J"]
[Result "1/2-1/2"]
[WhiteElo "2179"]
[BlackElo "2415"]

1.d4 Nf6 2.Nf3 g6 3.g3 Bg7 4.Bg2 O-O 5.c4 d6 6.O-O c6 7.Nc3 Bf5 8.Nd2 Qc8
9.e4 Bh3 10.Re1 Bxg2 11.Kxg2 a6 12.a4 Nbd7 13.Nf3 e5 14.dxe5 dxe5 15.a5 Nc5
16.Qc2 Nh5 17.Na4 Nxa4 18.Rxa4 c5 19.b4 f5 20.exf5 Rxf5 21.bxc5 Qxc5 22.Qe4 Qc7
23.Bb2 Raf8 24.Ra3 Qc5 25.Qxb7 Qxc4 26.Bxe5 Qc5 27.Bxg7 Nxg7 28.Re7 Nh5 29.Rae3 Qc4
30.h3 Qd5  1/2-1/2

[Event "Australian Open 2013"]
[Site "Cammeray AUS"]
[Date "2013.01.09"]
[Round "8.4"]
[White "Nakauchi,G"]
[Black "Canfell,G"]
[Result "1-0"]
[WhiteElo "2191"]
[BlackElo "2360"]

1.d4 Nf6 2.c4 g6 3.g3 Bg7 4.Bg2 O-O 5.Nf3 d6 6.O-O Nbd7 7.Nc3 e5 8.e4 c6
9.h3 Qb6 10.c5 dxc5 11.dxe5 Ne8 12.e6 fxe6 13.Ng5 Ne5 14.f4 Nf7 15.Nxf7 Bd4+
16.Kh2 Rxf7 17.e5 Nc7 18.Ne4 Nd5 19.Nd6 Rg7 20.h4 Bd7 21.a4 a5 22.Ra3 Qc7
23.Be4 Rd8 24.h5 Bc8 25.Kg2 Rxd6 26.exd6 Qxd6 27.hxg6 hxg6 28.Qc2 Nf6 29.Bxg6 Qd5+
30.Raf3 e5 31.fxe5 Bxe5 32.Be4 Qe6 33.Bf5 Qd5 34.Be4 Qe6 35.Bf5 Qd5 36.Bxc8 Rxg3+
37.Kh1 Rxf3 38.Be6+ Qxe6 39.Qg6+ Kf8 40.Rxf3 Bd4 41.Be3 Ke7 42.Kg2 Nd5 43.Qh7+ Kd6
44.Bxd4 cxd4 45.Qxb7 Qe2+ 46.Kg3 Qe5+ 47.Kh3 Qh5+ 48.Kg3 Qg5+ 49.Kh3 Ne3
50.Qb8+ Kd5 51.Rf4 Kc4 52.Qd6 c5 53.Qe6+ Qd5 54.Qxe3 Qh5+ 55.Kg2 Qg5+ 56.Kf2 Qh6  1-0

[Event "TCh-FIN SM 2012-13"]
[Site "Espoo FIN"]
[Date "2013.01.12"]
[Round "8.4"]
[White "Kekki,P"]
[Black "Virtanen,A"]
[Result "1/2-1/2"]
[WhiteElo "2353"]
[BlackElo "2343"]

1.d4 Nf6 2.c4 d6 3.g3 g6 4.Bg2 Bg7 5.Nf3 O-O 6.O-O Nc6 7.d5 Na5 8.Qa4 c5
9.Bd2 b6 10.Bc3 Bd7 11.Qc2 Bf5 12.Qc1 Qc8 13.Nbd2 Bh6 14.b3 Ne4 15.Bb2 b5
16.e3 Nf6 17.Re1 bxc4 18.Qc3 Qa6 19.e4 Bg4 20.bxc4 Rab8 21.Nb3 Nxc4 22.Bf1 Qa4
23.Bxc4 Bxf3 24.e5 dxe5 25.Rxe5 Bg7 26.Qxf3 Qxc4 27.Rxe7 Qxd5 28.Qxd5 Nxd5
29.Bxg7  1/2-1/2

[Event "Margaryan Mem 2013"]
[Site "Yerevan ARM"]
[Date "2013.01.13"]
[Round "6.4"]
[White "Baryshpolets,A"]
[Black "Azaladze,S"]
[Result "1/2-1/2"]
[WhiteElo "2502"]
[BlackElo "2471"]

1.d4 Nf6 2.c4 g6 3.Nf3 Bg7 4.g3 O-O 5.Bg2 d6 6.O-O c6 7.Nc3 Qa5 8.e4 Be6
9.d5 Bg4 10.Bd2 Nfd7 11.h3 Bxf3 12.Bxf3 Qb6 13.Rb1 a5 14.b3 Na6 15.a3 Qd4
16.Ne2 Qc5 17.a4 Qb6 18.Be3 Nac5 19.Bg2 Qc7 20.g4 Rae8 21.f4 e6 22.dxe6 Rxe6
23.f5 Ree8 24.Bf4 Nxe4 25.Bxe4 Qb6+ 26.Kg2 Rxe4 27.Qc2 Rfe8 28.Ng3 Rd4 29.Ne2 Rde4
30.Ng3 R4e7 31.Bxd6 Re3 32.fxg6 fxg6 33.Qf2 Kh8 34.Rfe1 Rxe1  1/2-1/2

[Event "PSC Cup 2013"]
[Site "Manila PHI"]
[Date "2013.01.16"]
[Round "4.10"]
[White "Castellano,Christo"]
[Black "Nolte,R"]
[Result "0-1"]
[WhiteElo "2258"]
[BlackElo "2460"]

1.d4 Nf6 2.Nf3 g6 3.c4 Bg7 4.g3 O-O 5.Bg2 d6 6.O-O Nc6 7.Nc3 a6 8.Qc2 Rb8
9.Rb1 Bf5 10.e4 Bg4 11.Be3 Nd7 12.Qd2 e5 13.d5 Bxf3 14.Bxf3 Nd4 15.Bg2 c5
16.dxc6 bxc6 17.f4 Qa5 18.Rf2 Qb4 19.b3 Nf6 20.h3 a5 21.Kh2 Nd7 22.f5 Rfe8
23.Rbf1 Rb7 24.Bh6 Nc5 25.f6 Bh8 26.Be3 a4 27.Bxd4 exd4 28.Qxd4 axb3 29.axb3 Nxb3
30.Qd3 Na5 31.e5 Rxe5 32.Rb1 Qc5 33.Ne4 Qa7 34.Qxd6 Re8 35.Rxb7 Qxb7 36.Nc5 Qb8
37.Qd7 Nxc4 38.Qxc6 Rc8 39.Qd5 Ne3 40.Qd4 Nxg2 41.Nd7 Qc7 42.Rxg2 Rd8 43.Re2 h5
44.Re7 Qc2+ 45.Kg1 Ra8 46.Re1 Ra2 47.Re8+ Kh7  0-1

[Event "PSC Cup 2013"]
[Site "Manila PHI"]
[Date "2013.01.17"]
[Round "6.6"]
[White "Laylo,D"]
[Black "Segarra,R"]
[Result "1/2-1/2"]
[WhiteElo "2491"]
[BlackElo "2311"]

1.d4 Nf6 2.Nf3 g6 3.c4 Bg7 4.g3 O-O 5.Bg2 d6 6.O-O c6 7.Nc3 Qa5 8.e4 e5 9.h3 Nbd7
10.Re1 exd4 11.Nxd4 Ne5 12.Bf1 Be6 13.f4 Nxc4 14.Nxe6 fxe6 15.Kg2 d5 16.e5 Ne8
17.Bxc4 dxc4 18.Qd4 b5 19.Qd7 Nc7 20.Qxc6 Qb6 21.Qxb6 axb6 22.Rd1 b4 23.Ne4 b5
24.Rd7 Rf7 25.Rxf7 Kxf7 26.Nd6+ Kg8 27.Bd2 Ra4 28.a3 c3 29.bxc3 Rxa3 30.Rxa3 bxa3
31.Bc1 a2 32.Bb2 Kf8 33.Kf3 Ke7 34.Ke4 Kd7 35.Kd3 Kc6 36.c4 bxc4+ 37.Kxc4 h5
38.h4 Na8 39.Kb3 Kd5 40.Ne8 Bf8 41.Nf6+ Kc6 42.Kxa2 Bb4 43.Kb3 Be1 44.Ne4 Kd5  1/2-1/2

[Event "5th Chennai Open 2013"]
[Site "Chennai IND"]
[Date "2013.01.18"]
[Round "5"]
[White "Visakh,NR"]
[Black "Czebe,A"]
[Result "0-1"]
[WhiteElo "2205"]
[BlackElo "2494"]

1.d4 d6 2.Nf3 g6 3.c4 Nf6 4.g3 Bg7 5.Bg2 O-O 6.O-O c6 7.Nc3 a6 8.d5 e5 9.e4 cxd5
10.cxd5 b5 11.b4 a5 12.Rb1 axb4 13.Rxb4 Qa5 14.a3 Na6 15.Rb3 Bd7 16.Re1 Rfc8
17.Nb1 Nc5 18.Rb4 Qc7 19.Bg5 h6 20.Bxf6 Bxf6 21.Bf1 Rab8 22.Qd2 Kg7 23.h4 Qa7
24.Qe2 Bd8 25.Rb2 Ba5 26.Rd1 Bg4 27.Kh2 Na4 28.Ra2 Rc3 29.Rd3 Rc1 30.Ra1 Rbc8
31.Bh3 R8c2 32.Nbd2 Bxf3 33.Rxf3 Rxa1 34.Qxb5 Rxd2  0-1

[Event "PSC Cup 2013"]
[Site "Manila PHI"]
[Date "2013.01.19"]
[Round "8.17"]
[White "Castellano,Christo"]
[Black "Ganzon,Rommel"]
[Result "1-0"]
[WhiteElo "2258"]
[BlackElo "2403"]

1.d4 Nf6 2.Nf3 g6 3.c4 Bg7 4.g3 O-O 5.Bg2 d6 6.O-O c6 7.Nc3 Qa5 8.d5 Qa6
9.Nd2 Nbd7 10.Rb1 cxd5 11.cxd5 Ng4 12.h3 Nge5 13.Nde4 b5 14.a3 Nc4 15.Na2 Bb7
16.Nb4 Qa5 17.Nc2 Rac8 18.b3 Ncb6 19.Nb4 Na8 20.Qd3 Nc7 21.Rd1 Na6 22.Nxa6 Qxa6
23.Qe3 Rc2 24.b4 Nb6 25.Ng5 Bf6 26.Be4 Nc4 27.Qf4 Rxe2 28.Nxh7 Be5 29.Qf3 Rxe4
30.Nxf8 Qa4 31.Bg5 Qc2 32.Rbc1 Qe2 33.Qxe2 Rxe2 34.Kf1 Re4 35.Nd7 Bb2 36.Rb1 Bc8
37.f3 Rd4 38.Nb8 Rxd1+ 39.Rxd1 Bxa3 40.Nc6 Bxh3+ 41.Ke2 Bd7 42.Bxe7 Kg7 43.Ra1 a6
44.Bxd6 a5 45.Bc5 a4 46.Bd4+ f6 47.g4 g5 48.Bc3 Kf7 49.Kd3 Bxc6 50.dxc6 Ke6
51.Kd4 Kd6 52.c7 Kxc7 53.Kc5 Bb2 54.Bxb2 Nxb2 55.Kxb5  1-0

[Event "38th Seville Open"]
[Site "Seville ESP"]
[Date "2013.01.19"]
[Round "9.3"]
[White "Matamoros Franco,C"]
[Black "Belezky,A"]
[Result "1/2-1/2"]
[WhiteElo "2538"]
[BlackElo "2427"]

1.Nf3 Nf6 2.c4 g6 3.g3 Bg7 4.Bg2 d6 5.d4 O-O 6.Nc3 Nc6 7.O-O a6 8.d5 Na5
9.b3 Rb8 10.Bg5 c5 11.dxc6 Nxc6 12.Rc1 Be6 13.Qd2 Qa5 14.Bh6 Rfc8 15.Bxg7 Kxg7
16.Ng5  1/2-1/2

[Event "TCh-SVK Extraliga 2012-13"]
[Site "Slovakia SVK"]
[Date "2013.01.19"]
[Round "5.1"]
[White "Rojicek,V"]
[Black "Nayhebaver,Martin"]
[Result "1-0"]
[WhiteElo "2450"]
[BlackElo "2144"]

1.d4 Nf6 2.c4 g6 3.g3 Bg7 4.Bg2 O-O 5.Nf3 d6 6.O-O a6 7.Nc3 Nc6 8.d5 Na5
9.Nd2 c5 10.Qc2 Rb8 11.Rb1 Qc7 12.b3 b5 13.Bb2 bxc4 14.bxc4 Ng4 15.h3 Ne5
16.Nd1 Nd7 17.Bxg7 Kxg7 18.Rxb8 Nxb8 19.f4 Nd7 20.e4 e5 21.Nf2 Nb7 22.Nd3 f6
23.Qa4 Qa5 24.Qxa5 Nxa5 25.Rb1 Kf7 26.h4 Ke7 27.Bh3 Re8 28.Be6 Kd8 29.f5 Rf8
30.g4 Kc7 31.g5 Nb6 32.Nb2 gxf5 33.exf5 fxg5 34.hxg5 Rxf5 35.Bxf5 Bxf5 36.Rf1 Bg6
37.Rf3 Nb7 38.Ra3 a5 39.Kf2 Kd7 40.Ke3 Kc7 41.Nf3 a4 42.Nd2 Na5 43.Kf2 Be8
44.Kg3 Kd8 45.Rf3 Ke7 46.a3 Bg6 47.Rc3 Bf5 48.Nd1 Bg6 49.Ne3 Kd7 50.Kg4 Nc8
51.Nf5 Ne7 52.Nh4 Be8 53.Ne4 Bg6 54.Nxg6 hxg6 55.Nd2 Nf5 56.Rh3 Ke8 57.Kf3 Nd4+
58.Ke4 Ndb3 59.Nxb3 axb3 60.Kd3 b2 61.Rh8+ Kd7 62.Rb8 e4+ 63.Kc3  1-0

[Event "5th Chennai Open 2013"]
[Site "Chennai IND"]
[Date "2013.01.20"]
[Round "8"]
[White "Lakshmi Narayanan,M"]
[Black "Rathnakaran,K"]
[Result "0-1"]
[WhiteElo "2123"]
[BlackElo "2434"]

1.d4 Nf6 2.Nf3 g6 3.c4 Bg7 4.g3 O-O 5.Bg2 d6 6.Nc3 Nbd7 7.O-O e5 8.h3 Re8
9.e4 a5 10.Re1 c6 11.d5 Nc5 12.Qc2 cxd5 13.cxd5 Bd7 14.a4 Rc8 15.Nd2 Qb6
16.Bf1 Qb4 17.Ra3 Nxa4 18.Rxa4 Rxc3 19.bxc3 Qxa4 20.Qxa4 Bxa4 21.Nc4 b6 22.Nxd6 Rb8
23.Nc4 Nd7 24.Be3 Bf8 25.f3 f5 26.f4 fxe4 27.Nxe5 Nc5 28.Rb1 Bc2 29.Rb2 Bd3
30.Bxd3 exd3 31.Bxc5 Bxc5+ 32.Kg2 a4 33.Nxd3 Bf8 34.Kf3 a3 35.Rc2 b5 36.Ke4 Rc8
37.Nc1 Re8+ 38.Kd4 Re1 39.c4 b4 40.c5 a2 41.Nb3 Rb1 42.Rxa2 Rxb3 43.d6 Kf7
44.d7 Be7 45.Ra8 Rb1 46.c6 Rc1 47.Rb8 b3 48.Ke4 b2 49.Rxb2 Rxc6 50.Rd2 Bd8
51.g4 Rc3 52.h4 Rg3 53.g5 Rh3 54.Rd6 Rxh4 55.Kf3 Rh1 56.Kg4 Rg1+ 57.Kf3 Ke7
58.Rd2 Rf1+ 59.Kg4 Bc7 60.d8=Q+ Bxd8 61.Rh2 Rxf4+  0-1

[Event "e2e4 Chester Open"]
[Site "Chester ENG"]
[Date "2013.01.20"]
[Round "5"]
[White "Arkell,K"]
[Black "Hebden,M"]
[Result "1/2-1/2"]
[WhiteElo "2460"]
[BlackElo "2548"]

1.d4 Nf6 2.Nf3 d6 3.c4 g6 4.g3 Bg7 5.Bg2 O-O 6.O-O Nbd7 7.Nc3 e5 8.Qc2 Re8
9.e3 c6 10.b3 a6 11.dxe5 dxe5 12.Rd1 Qc7 13.Ba3 Bf8 14.Bxf8 Nxf8 15.Rd2 Bf5
16.Qb2 Ne4 17.Nxe4 Bxe4 18.Rad1 Bxf3 19.Bxf3 e4 20.Bg2 Qe5 21.Qxe5 Rxe5 22.g4 Ne6
23.Rd7 Nc5 24.Rc7 a5 25.a3 Rb8 26.Rb1 Rg5 27.h3 h5 28.gxh5 gxh5 29.b4 axb4
30.axb4 Nd3 31.b5 c5 32.Kh2 f5 33.Bf1 Nxf2 34.Be2 Rd8 35.Rf1 Nd3 36.Rxb7 Ne5
37.Rg1 Rxg1 38.Kxg1 h4 39.Rc7 Nd7 40.Rc6 Kf7 41.Rh6 Ne5 42.Rxh4 Rd2 43.Kf1 Rb2
44.Rh7+ Ke6 45.Rh6+ Ke7 46.Rh7+ Kd6 47.Rh6+ Ke7 48.Rh7+ Kd6 49.Rh6+  1/2-1/2

[Event "Kislovodsk Open 2013"]
[Site "Kislovodsk RUS"]
[Date "2013.01.20"]
[Round "6"]
[White "Ivanov,Daniil"]
[Black "Vodolazhenko,Nikolay"]
[Result "1-0"]
[WhiteElo "1968"]
[BlackElo "1971"]

1.d4 Nf6 2.Nf3 d6 3.c4 g6 4.g3 Bg7 5.Bg2 O-O 6.O-O Nbd7 7.Nc3 c5 8.e4 cxd4
9.Nxd4 Ne5 10.b3 Rb8 11.Bb2 a6 12.h3 Qb6 13.Na4 Qa7 14.Nc2 b5 15.Bd4 Qc7
16.cxb5 axb5 17.Nb2 Nc6 18.Be3 Nxe4 19.Bxe4 Bxb2 20.Rb1 Bg7 21.Bg2 Bb7 22.Nd4 Nxd4
23.Bxd4 e5 24.Bb2 Bxg2 25.Kxg2 Qb7+ 26.Kh2 d5 27.Qe2 f6 28.Rfd1 Rfd8 29.Rbc1 Rbc8
30.Qf3 Rxc1 31.Rxc1 Qb6 32.Bc3 b4 33.Be1 f5 34.Qe2 e4 35.Bd2 Kh8 36.Bg5 Ra8
37.Qd2 Bc3 38.Rxc3 bxc3 39.Qxc3+ Kg8 40.Be3 Qb7 41.a4 Rb8 42.Qe5 h5 43.Bd4 Kh7
44.b4 Rg8 45.b5 Qf7 46.a5 h4 47.a6 hxg3+ 48.Qxg3 g5 49.b6 f4 50.Qg4 e3 51.b7 Re8
52.a7 e2 53.b8=Q e1=Q 54.a8=Q Rxb8 55.Qxb8 Qee8 56.Qxe8 Qxe8 57.Qxg5 Qf7
58.Be5 f3 59.h4 d4 60.Bxd4 Qc7+ 61.Be5 Qa7 62.Kg3 Qf7 63.h5 Qg8 64.Qxg8+ Kxg8
65.Kxf3 Kh7 66.Kg4 Kh6 67.f4 Kh7 68.Bb2 Kg8 69.Bc1 Kh7 70.Kg5 Kg7 71.f5 Kf7
72.h6 Kg8 73.Kg6 Kh8 74.f6 Kg8 75.Bb2 Kf8 76.h7 Ke8 77.h8=Q+ Kd7 78.f7 Kc6
79.f8=Q Kd5 80.Qd8+ Kc6 81.Qh1+ Kc5 82.Qc1+ Kb4 83.Qb8+ Ka4 84.Qa1+  1-0

[Event "Marianske Lazne Open 2013"]
[Site "Marianske Lazne CZE"]
[Date "2013.01.20"]
[Round "2.17"]
[White "Kozak,Mi"]
[Black "Stojkovic,A"]
[Result "1-0"]
[WhiteElo "2131"]
[BlackElo "1973"]

1.d4 Nf6 2.c4 g6 3.g3 Bg7 4.Bg2 O-O 5.Nf3 d6 6.Nc3 Nc6 7.O-O a6 8.b3 Rb8
9.Nd5 Nh5 10.Bb2 e6 11.Nc3 b5 12.cxb5 axb5 13.Rc1 b4 14.Na4 Ne7 15.Qc2 c6
16.Rfd1 Ba6 17.a3 Qa5 18.e3 Nf6 19.axb4 Qxb4 20.Nd2 Rfc8 21.Ra1 Ra8 22.Ba3 Qb8
23.Nc4 Bxc4 24.bxc4 Ra6 25.Nc3 Qa7 26.Bb2 Rb8 27.Bf1 Rxa1 28.Rxa1 Qc7 29.Ra3 Qb7
30.Bc1 Nf5 31.Qa2 h5 32.Be2 Qb4 33.Bd1 Qb6 34.Bc2 Ne7 35.Ra7 Nc8 36.Ra6 Qc7
37.Qa4 Ne7 38.Ba3 Bf8 39.Ra7 Qd8 40.Bb4 Nc8 41.Ba5 Qe8 42.Ra6 c5 43.Qxe8 Nxe8
44.Ba4 Nf6 45.dxc5 dxc5 46.Nb5 Rb7 47.Bd1 Rd7 48.Bf3 Rd3 49.Ra8 Ne7 50.Bc3 Nh7
51.h4 Nf5 52.Be5 Rd1+ 53.Kg2 Rd2 54.Kf1 Rd7 55.Ke2 f6 56.Bc6 Rf7 57.Bc7 Kg7
58.Re8 Re7 59.Rc8 e5 60.Bd6 Re6 61.Bd5  1-0

[Event "68th ch-ARM w 2013"]
[Site "Yerevan ARM"]
[Date "2013.01.20"]
[Round "8.2"]
[White "Gasparian,N"]
[Black "Hairapetian,A"]
[Result "0-1"]
[WhiteElo "2099"]
[BlackElo "2199"]

1.d4 Nf6 2.Nf3 g6 3.c4 Bg7 4.g3 d6 5.Bg2 O-O 6.O-O c6 7.Nc3 Nbd7 8.e4 Qa5
9.h3 e5 10.d5 cxd5 11.cxd5 b5 12.Re1 Nc5 13.a3 b4 14.axb4 Qxb4 15.Qe2 a5
16.Bg5 Ba6 17.Qe3 Rfb8 18.Nd2 Bd3 19.Bf1 Qxb2 20.Na4 Nxa4 21.Bxd3 Nc5 22.Bf1 Qd4
23.Bxf6 Bxf6 24.Nc4 Qxe3 25.Rxe3 Nb3 26.Ra3 a4 27.Rc3 Be7 28.Bd3 Nd4 29.Rc1 f5
30.Rca1 fxe4 31.Bxe4 Rb4 32.Bd3 e4 33.Rb1 Rab8 34.Rxb4 Rxb4 35.Bf1 Nb3 36.Kg2 Nc5
37.Be2 Bf6 38.Nxd6 Bb2 39.Ra2 a3 40.Nc4 Na4 41.d6 Kf8 42.Nxa3 Nc3 43.Rxb2 Rxb2
44.Bg4 e3 45.d7 Ke7 46.Nc4 e2 47.Ne5 e1=Q 48.Nc6+ Kf7  0-1

[Event "5th Chennai Open 2013"]
[Site "Chennai IND"]
[Date "2013.01.21"]
[Round "9"]
[White "Deviatkin,A"]
[Black "Nitin,S"]
[Result "1-0"]
[WhiteElo "2569"]
[BlackElo "2367"]

1.d4 Nf6 2.Nf3 g6 3.c4 Bg7 4.g3 O-O 5.Bg2 d6 6.Nc3 Nbd7 7.O-O e5 8.e4 exd4
9.Nxd4 Nc5 10.h3 Re8 11.Re1 Bd7 12.Bf4 h6 13.Nb3 Ne6 14.Bd2 a5 15.a4 Ng5
16.g4 Ne6 17.Be3 Nh7 18.Qd2 h5 19.gxh5 Neg5 20.hxg6 fxg6 21.Bxg5 Nxg5 22.Re3 Bh6
23.f4 Nf7 24.Rf1 Kh7 25.Qd3 c6 26.c5 Be6 27.Nd4 dxc5 28.Nxe6 Rxe6 29.Qc4 Qe7
30.e5 Re8 31.Rg3 g5 32.fxg5 Nxe5 33.Qh4 Rg8 34.Ne4 Rgg6 35.Qh5  1-0

[Event "Dvorkovich Mem 2013"]
[Site "Taganrog RUS"]
[Date "2013.01.22"]
[Round "8.15"]
[White "Korchmar,V"]
[Black "Belyakov,B"]
[Result "1-0"]
[WhiteElo "2260"]
[BlackElo "2410"]

1.d4 Nf6 2.c4 g6 3.Nf3 Bg7 4.g3 O-O 5.Bg2 d6 6.O-O Nc6 7.Nc3 a6 8.Qd3 e5
9.dxe5 dxe5 10.Qxd8 Rxd8 11.Bg5 Re8 12.Rfd1 h6 13.Bxf6 Bxf6 14.Nd2 Kg7 15.Nd5 Bd8
16.Nb3 f5 17.e4 Ne7 18.Nc5 Ng8 19.exf5 gxf5 20.Ne3 c6 21.Nxb7 Bxb7 22.Rd7+ Kg6
23.Rxb7 e4 24.Rd1 Bf6 25.Rd6 Ne7 26.g4 Rad8 27.Rxe7  1-0

[Event "6th Gora Sw Anny OpA"]
[Site "Gora Swietej Anny POL"]
[Date "2013.01.26"]
[Round "1.3"]
[White "Kveinys,A"]
[Black "Klymchuk,Andriy"]
[Result "1/2-1/2"]
[WhiteElo "2527"]
[BlackElo "2127"]

1.d4 Nf6 2.Nf3 g6 3.c4 Bg7 4.g3 O-O 5.Bg2 d6 6.O-O Nbd7 7.Nc3 e5 8.e4 c6
9.h3 exd4 10.Nxd4 Re8 11.Be3 Nc5 12.Qc2 a5 13.Rad1 Nfd7 14.Rd2 a4 15.Nde2 Qb6
16.Rxd6 Qb4 17.Rfd1 Qxc4 18.f4 Nb6 19.b3 Qb4 20.Nd5 axb3 21.axb3 Nxd5 22.Bxc5 Qb5
23.Nd4 Ra2 24.Qxa2 Qxc5 25.Rxd5 cxd5 26.e5 f6 27.b4 Qxb4 28.Bxd5+ Kh8 29.e6 f5
30.Nf3 Bf6 31.Kg2 Rd8 32.Re1 Qc5 33.Bb3 Kg7 34.h4 b5 35.Qe2 Bb7 36.Rd1 Rxd1
37.Qxd1 Bc6 38.Kh3 h6 39.Ne5 Bxe5 40.fxe5 Qxe5 41.Qd8 Qe4  1/2-1/2

[Event "TCh-HUN 2012-13"]
[Site "Mako HUN"]
[Date "2013.01.27"]
[Round "6"]
[White "Bodo,No1"]
[Black "Nagy,Danie"]
[Result "1/2-1/2"]
[WhiteElo "2435"]
[BlackElo "2226"]

1.d4 Nf6 2.Nf3 g6 3.g3 Bg7 4.Bg2 O-O 5.c4 d6 6.O-O Nc6 7.Nc3 e5 8.d5 Ne7
9.e4 Nd7 10.Ne1 f5 11.Nd3 b6 12.b4 a5 13.bxa5 Rxa5 14.Bd2 Ra8 15.a4 Nf6 16.Qb3 fxe4
17.Nxe4 Nf5 18.Bc3 Nxe4 19.Bxe4 Nd4 20.Bxd4 exd4 21.Nf4 Re8 22.Ne6 Qe7 23.Rfe1 Bxe6
24.dxe6 Ra5 25.Qd3 Kh8 26.Bg2 Rf8 27.h4 Raf5 28.Ra2 Rc5 29.Rb2 Ra5 30.Bc6 Rc5
31.Bd7 Bf6 32.Rb5 Qg7 33.Rxc5 dxc5 34.Qe4 Be7 35.Kg2 Qf6 36.f4 h6 37.Re2 Kg7
38.Rf2 Qf5 39.Bc6 Qxe4+ 40.Bxe4 Bd6 41.Re2 Kf6 42.Kf3 Re8 43.Bc2 h5 44.g4 hxg4+
45.Kxg4 Ra8 46.Kf3 Rh8 47.Rg2 Rh6 48.Rg4 Be7  1/2-1/2